True or False Blitz: Language Quiz Stats

Quiz Updated Feb 11, 2018

Challenge
Share
Tweet
Embed
Score 0/20 Timer 02:00
7 Plays Today
Question Answer Wrong Answers
SYMBOLS: the proper name for the '&' symbol is an ampersand True
87%
False
7.4%
VOCABULARY: a 'kumquat' is a type of sword False
86.5%
True
8.3%
SPANISH: the spanish word 'chico' refers to a male True
80.5%
False
14.3%
SPELLINGS: the word 'broccoli' is correctly spelt in this sentence True
79.7%
False
15%
SPANISH: Spanish is one of the official languages of the United Nations True
78%
False
16.6%
LANGUAGE FAMILIES: Yoruba is a language from the Niger-Congo language family True
76.8%
False
17.6%
ACCENTS: the mark underneath the letter 'c' in the phrase 'ça va' is called a 'cedilla' True
74.5%
False
19.9%
VOCABULARY: a 'spinnaker' is a word most associated with rail travel False
72.2%
True
22.2%
SYMBOLS: the proper name for the '~' symbol is an octothorpe False
70.9%
True
23.7%
LANGUAGE FAMILIES: Gaelic is a Romance language False
69.7%
True
25%
OTHER ALPHABETS: Bulgarian uses the Cyrillic alphabet True
67.5%
False
27%
FRENCH: the letter 'z' is not used in French False
67%
True
27.7%
OFFICIAL LANGUAGE: Amharic is spoken in Ethiopia True
65.6%
False
28.8%
GERMAN: the letter 'ß' in German is pronounced like the English letter 'W' False
64.6%
True
29.9%
OTHER ALPHABETS: zeta is the last letter in the Greek alphabet False
59.7%
True
34.9%
SPELLINGS: there is no word in the English language ending 'mt' False
59.5%
True
35.2%
OFFICIAL LANGUAGES: Arabic is an official language of Niger False
51.5%
True
43.1%
GERMAN: 'die' is the masculine version of the word for 'the' False
43.7%
True
50.9%
ACCENTS: the mark above the letter 'a' in the phrase 'à la mode' is called an 'acute' accent False
41.6%
True
53.2%
FRENCH: there are more than 500 million French speakers in the world False
32.4%
True
62.3%

You're not logged in!

Compare scores with friends on all Sporcle quizzes.
Sign Up with Email
OR
Log In

You Might Also Like...

Show Comments

Extras

Top Quizzes Today


Score Distribution

Your Account Isn't Verified!

In order to create a playlist on Sporcle, you need to verify the email address you used during registration. Go to your Sporcle Settings to finish the process.

Report this User

Report this user for behavior that violates our Community Guidelines.

Details: